000 00399nam a2200181Ia 4500
005 20240823033339.0
008 240823s9999||||xx |||||||||||||| ||und||
041 _aENGLISH
082 _A158.1 Q2
100 _aAbdul Raheem
245 0 _aUnnai Velga
250 _a11th
260 _c2012
_bUniversel Publi
500 _aYES
650 _aTamil Book
_bGeneral
942 _cBK
999 _c195592
_d195592